|
|
|
|
| LEADER |
01907nam a2200505 a 4500 |
| 001 |
nkc20112267396 |
| 003 |
CZ PrNK |
| 005 |
20140204085549.0 |
| 007 |
ta |
| 008 |
111222s2011 xr a e f 000 0 cze |
| 015 |
|
|
|a cnb002267396
|
| 020 |
|
|
|a 978-80-87457-21-4
|q (brož.)
|
| 035 |
|
|
|a (OCoLC)870286519
|
| 040 |
|
|
|a OLA001
|b cze
|
| 043 |
|
|
|a e-xr---
|
| 072 |
|
7 |
|a 502
|x Životní prostředí a jeho ochrana
|2 Konspekt
|9 2
|
| 080 |
|
|
|a 551.312.2(285.3)
|2 MRF
|
| 080 |
|
|
|a 574.4(23.0)
|2 MRF
|
| 080 |
|
|
|a 502.171:574.4(285.3)
|2 MRF
|
| 080 |
|
|
|a 502.174
|2 MRF
|
| 080 |
|
|
|a (437.3)
|2 MRF
|
| 080 |
|
|
|a (036)
|2 MRF
|
| 245 |
0 |
0 |
|a Mokřady a rašeliniště horských oblastí :
|b obnova a způsoby hospodaření /
|c [autoři textů Linda Franková ... et al.]
|
| 246 |
1 |
|
|i Název v tiráži:
|a Mokřady a rašeliniště horských oblastí - obnova a způsoby hospodaření
|
| 260 |
|
|
|a Praha :
|b Agentura ochrany přírody a krajiny České republiky,
|c 2011
|
| 300 |
|
|
|a 28 s. :
|b il. ;
|c 21 cm
|
| 500 |
|
|
|a 2000 výt.
|
| 500 |
|
|
|a Název z obálky
|
| 504 |
|
|
|a Obsahuje bibliografii
|
| 650 |
0 |
7 |
|a mokřady
|7 ph371834
|z Česko
|2 czenas
|
| 650 |
0 |
7 |
|a horské ekosystémy
|7 ph120808
|z Česko
|2 czenas
|
| 650 |
0 |
7 |
|a ochrana mokřadů
|7 ph153489
|z Česko
|2 czenas
|
| 650 |
0 |
7 |
|a obnova životního prostředí
|7 ph136838
|z Česko
|2 czenas
|
| 650 |
0 |
9 |
|a wetlands
|z Czechia
|2 eczenas
|
| 650 |
0 |
9 |
|a mountain ecosystems
|z Czechia
|2 eczenas
|
| 650 |
0 |
9 |
|a wetland conservation
|z Czechia
|2 eczenas
|
| 650 |
0 |
9 |
|a restoration ecology
|z Czechia
|2 eczenas
|
| 655 |
|
7 |
|a informační publikace
|7 fd132454
|2 czenas
|
| 655 |
|
9 |
|a information publications
|2 eczenas
|
| 700 |
1 |
|
|a Franková, Linda
|7 jo2014802608
|4 aut
|
| 910 |
2 |
|
|a BOA001
|b 2-1316.281
|
| 990 |
|
|
|a BK
|
| 995 |
|
|
|a 01
|
| 991 |
|
|
|b 201401
|c NOV
|e n
|
| 996 |
6 |
|
|b 2610574405
|c 2-1316.281
|l MZK
|r Sklad / do 1 hodiny
|n 2
|p p.v.
|w 001390210
|u 000010
|a 1
|e BOA001
|j MZK50
|s P
|